000 00304nam a22001337a 4500
003 OSt
005 20220221133131.0
008 220221b |||||||| |||| 00| 0 eng d
040 _cHU
082 _a669
100 _aAvitzur
_931012
245 _aMetal Forming Processes & Analysis
942 _2ddc
_cBOOKS
_n0
999 _c31017
_d31017